000 00801nas a2200253 4500
001 BR9503856
003 BR-BrBNA
005 20231205100523.0
007 ta
008 230509b bl.|||p| |||| 00| 00por d
040 _aBR-BrBNA
_bpor
_cBiblioteca Nacional de Agricultura
041 _a(Pt)
072 _aL73
100 1 _aHipolito, O.
100 1 _aGodoy, A.M.
245 1 _aEstudos sobre a bronquite infecciosa das galinhas no Brasil 2: disseminacao da doenca em alguns Estados
650 _aGalinha
650 _aBronquite
650 _aDiagnostico
650 _aSoro-Sanguineo
773 0 _tArquivos da Escola de Veterinaria da Universidade Federal de Minas Gerais (Brazil)
_x
_g(1963), v. 15 p. 323-366
_wBR9503856
909 _a202311
_bLúcia
_c55
_dLúcia Elande
942 _2AGRIS
_n0
_cANA
999 _c156455
_d156455